MARC

LEADER 00000cam a2200000 7i4500
001 0000020220
005 20071026.0
040 |a INS 
090 0 0 |a M171 
110 1 |a Kursus kecemerlangan diri   |k 2007 23 - 26 April   |c Jerejak Resort, Pulau Pinang 
245 0 0 |a Kursus kecemerlangan diri :   |b 23 - 26 April 2007   |c Anjuran Pusat Pengurusan dan Teknologi Maklumat INSPEN 
260 |a Bangi :   |b Institut Penilaian Negara ,   |c 2007 
300 |a 1 v. (Mukasurat pelbagai ) :   |b ill., pic. ;   |c 30 cm. 
650 0 0 |a Maturation(Psychology) 
650 0 0 |a Success 
710 1 |a INSPEN (Institut Penilaian Negara ) 
856 |u http://app.inspen.gov.my:7779/pls/portal/docs/PAGE/CORPORATEPAGES/PORTAL_INSPEN/NOTA_KURSUS/MANAGEMENT/AP)%20KURSUS%20KECEMERLANGAN%20DIRI.PDF 
999 |a M000000304   |b BOOK   |c Course Notes   |e Default branch 
999 |a M000000305   |b BOOK   |c Course Notes   |e Default branch 
999 |a M000000346   |b BOOK   |c Course Notes   |e Default branch